Študijná príručka ...
| Previous Title: | Študijný program |
|---|---|
| Corporate Author: | |
| Format: | Serial |
| Language: | Slovak |
| PhysicalDescription: | zv. tab. 21 cm |
| Published: |
Vo Zvolene
Technická univerzita
2004-
|
| ISBN: | 8022813702 (brož. : r. 2004/2005) 8022814989 (brož. : r. 2005/2006) 8022816450 (brož. : r. 2006/2007) 9788022817776 (brož. : r. 2007/2008) 9788022819060 (brož. : r. 2008/2009) 9788022820233 (brož. : r. 2009/2010) 9788022821384 (brož. : r. 2010/2011) 9788022822640 (brož. : r. 2011/2012) 9788022823845 (brož. : r. 2012/2013) 9788022825405 (brož. : r. 2013/2014) 9788022826648 (brož. : r. 2014/2015) 9788022828925 (brož. : r. 2016/2017) 9788022829816 (brož. : r. 2017/2018) 9788022830775 (brož. : r. 2018/2019) |
| Subjects: |
MARC
| LEADER | 00000cas a2200000 a 4500 | ||
|---|---|---|---|
| 001 | vtls001486226 | ||
| 003 | SK-MaSNL | ||
| 005 | 20260228160841.0 | ||
| 008 | 190429c20049999xo ar 0 0b0slo | ||
| 015 | |a SNB2019-(r. 2008/2009, r. 2009/2010, r. 2010/2011, r. 2011/2012, r. 2012/2013, r. 2013/2014, r. 2014/2015, r. 2016/2017, r. 2017/2018, r. 2018/2019) | ||
| 020 | |a 8022813702 (brož. : r. 2004/2005) | ||
| 020 | |a 8022814989 (brož. : r. 2005/2006) | ||
| 020 | |a 8022816450 (brož. : r. 2006/2007) | ||
| 020 | |a 9788022817776 (brož. : r. 2007/2008) | ||
| 020 | |a 9788022819060 (brož. : r. 2008/2009) | ||
| 020 | |a 9788022820233 (brož. : r. 2009/2010) | ||
| 020 | |a 9788022821384 (brož. : r. 2010/2011) | ||
| 020 | |a 9788022822640 (brož. : r. 2011/2012) | ||
| 020 | |a 9788022823845 (brož. : r. 2012/2013) | ||
| 020 | |a 9788022825405 (brož. : r. 2013/2014) | ||
| 020 | |a 9788022826648 (brož. : r. 2014/2015) | ||
| 020 | |a 9788022828925 (brož. : r. 2016/2017) | ||
| 020 | |a 9788022829816 (brož. : r. 2017/2018) | ||
| 020 | |a 9788022830775 (brož. : r. 2018/2019) | ||
| 035 | |a SNK000441519 | ||
| 040 | |a SNK |b slo |c SNK |e AACR2 | ||
| 041 | 0 | |a slo | |
| 043 | |a e-xo--- | ||
| 044 | |a xo |c SK | ||
| 072 | 7 | |a 378 |x Vysoké školy |2 konspekt | |
| 080 | |a 050 |2 2011 | ||
| 080 | |a (437.641) |2 2011 | ||
| 080 | |a 378.6:62 |2 2011 | ||
| 080 | |a 37.091.3 |2 2011 | ||
| 080 | |a (073) |2 2011 | ||
| 080 | |a (058) |2 2011 | ||
| 080 | |a (036) |2 2011 | ||
| 110 | 2 | |a Technická univerzita vo Zvolene |9 76003 | |
| 245 | 1 | 0 | |a Študijná príručka ... |c Technická univerzita vo Zvolene |
| 246 | 1 | |i Názov v tiráži: |a Študijná príručka Technickej univerzity vo Zvolene na školský rok ... | |
| 246 | 3 | 3 | |a Študijná príručka |b všeobecné informácie ... |
| 246 | 3 | 3 | |a Študijná príručka |b celouniverzitný študijný program - všeobecné informácie ... |
| 246 | 3 | 3 | |a Študijná príručka |b univerzitný študijný program - všeobecné informácie ... |
| 246 | 3 | 3 | |a Študijná príručka |b všeobecné informácie - univerzitný študijný program ... |
| 246 | 1 | |i Názov v tiráži: |a Študijná príručka Univerzitné študijné programy - Všeobecné inormácie na akademický rok ... | |
| 246 | 3 | 3 | |a Študijná príručka |b všeobecné informácie - univerzitné študijné programy ... |
| 260 | |a Vo Zvolene |b Technická univerzita |c 2004- | ||
| 300 | |a zv. |b tab. |c 21 cm | ||
| 310 | |a 1x ročne | ||
| 362 | 0 | |a 2004/2005- | |
| 500 | |a V ak. r. 2004/2005 má 5 častí: Študijná príručka - všeobecné informácie ; Študijná príručka - Fakulta environmentálnej techniky ; Študijná príručka - Lesnícka fakulta ; Študijná príručka - Drevárska fakulta ; Študijná príručka - Fakulta ekológie a environmentalistiky so sídlom v Banskej Štiavnici | ||
| 500 | |a Názov z obalu | ||
| 500 | |a Súčasťou názvu je označenie akademického roku | ||
| 650 | 0 | 7 | |a vysoké školy technické |2 SNKPH |9 71431 |
| 650 | 0 | 7 | |a štúdium a výučba |2 SNKPH |9 3982 |
| 650 | 0 | 7 | |a Technical universities |2 SNKPHeng |9 265533 |
| 650 | 0 | 7 | |a Study and teaching |2 SNKPHeng |9 265408 |
| 651 | 7 | |a Zvolen (Slovensko) |2 SNKPHgeo |9 14595 | |
| 651 | 7 | |a Zvolen (Slovakia) |2 SNKPHeng |9 265535 | |
| 655 | 7 | |a študijné programy |2 SNKPH |9 265409 | |
| 655 | 7 | |a ročenky |2 SNKPH |9 57146 | |
| 655 | 7 | |a informačné publikácie |2 SNKPH |9 70181 | |
| 655 | 7 | |a Study programs |2 SNKPHeng |9 265536 | |
| 655 | 7 | |a Yearbooks |2 SNKPHeng |9 120938 | |
| 655 | 7 | |a Information publications |2 SNKPHeng |9 265188 | |
| 752 | |a Slovensko |d Zvolen | ||
| 780 | 0 | 0 | |t Študijný program |w vtls001483741 |
| 910 | |a snk | ||
| 910 | |a svkpo | ||
| 919 | |a 80-228-1370-2 | ||
| 919 | |a 80-228-1498-9 | ||
| 919 | |a 80-228-1645-0 | ||
| 919 | |a 978-80-228-1777-6 | ||
| 919 | |a 978-80-228-1906-0 | ||
| 919 | |a 978-80-228-2023-3 | ||
| 919 | |a 978-80-228-2138-4 | ||
| 919 | |a 978-80-228-2264-0 | ||
| 919 | |a 978-80-228-2384-5 | ||
| 919 | |a 978-80-228-2540-5 | ||
| 919 | |a 978-80-228-2664-8 | ||
| 919 | |a 978-80-228-2892-5 | ||
| 919 | |a 978-80-228-2981-6 | ||
| 919 | |a 978-80-228-3077-5 | ||
| 999 | |c 3767 |d 5697 | ||
| 952 | |0 0 |1 0 |4 0 |7 0 |8 0 |a SNK |b SNK |d 2006-05-15 |i snk2006/9661 |l 0 |o snkČSD 311/C/2005-2006 |p 17A0502156 |r 2026-02-21 19:52:29 |w 2026-02-21 |y PREZ | ||
| 952 | |0 0 |1 0 |4 0 |7 0 |8 0 |a SNK |b SNK |d 2006-05-15 |i snk2006/9662 |l 0 |o snkČSD 311/C/2005-2006 D1 |p 17A0502157 |r 2026-02-21 19:52:29 |w 2026-02-21 |y PREZ | ||
| 952 | |0 0 |1 0 |4 0 |7 0 |8 0 |a SNK |b SNK |d 2006-10-06 |i snk2006/20135 |l 0 |o snkČSD 311/C/2006-2007 |p 17A0502880 |r 2026-02-21 20:04:28 |w 2026-02-21 |y PREZ | ||
| 952 | |0 0 |1 0 |4 0 |7 0 |8 0 |a SNK |b SNK |d 2006-10-06 |i snk2006/20136 |l 0 |o snkČSD 311/C/2006-2007 D1 |p 17A0502881 |r 2026-02-21 20:04:28 |w 2026-02-21 |y PREZ | ||
| 952 | |0 0 |1 0 |4 0 |7 0 |a SNK |b SNK |d 2004-11-29 |i snkPV 1533/2004 |l 0 |o snkČSD 311/C/2004-2005 |p 17A0446096 |r 2005-01-02 00:00:00 |w 2026-02-21 |y PREZ | ||
| 952 | |0 0 |1 0 |4 0 |7 0 |8 0 |a SNK |b SNK |d 2008-01-28 |i snk2008/2115 |l 0 |o snkČSD 311/C/2007-2008 |p 17A0574344 |r 2026-02-21 20:28:23 |w 2026-02-21 |y PREZ | ||
| 952 | |0 0 |1 0 |4 0 |7 0 |8 0 |a SNK |b SNK |d 2008-01-28 |i snk2008/2116 |l 0 |o snkČSD 311/C/2007-2008 D1 |p 17A0574345 |r 2026-02-21 20:28:23 |w 2026-02-21 |y PREZ | ||
| 952 | |0 0 |1 0 |4 0 |7 0 |a SNK |b SNK |d 2004-11-29 |i snkPV 1534/2004 |l 0 |o snkČSD 311/C/2004-2005 D1 |p 17A0446097 |r 2005-01-02 00:00:00 |w 2026-02-21 |y PREZ | ||
| 952 | |0 0 |1 0 |4 0 |7 0 |8 0 |a SNK |b SNK |d 2019-04-02 |i snk2019/9303 |l 0 |o snkČSD 311/C/2008-2009 |p 17A1365895 |r 2026-02-21 21:58:48 |w 2026-02-21 |y PREZ | ||
| 952 | |0 0 |1 0 |4 0 |7 0 |8 0 |a SNK |b SNK |d 2019-04-02 |i snk2019/9304 |l 0 |o snkČSD 311/C/2009-2010 |p 17A1365896 |r 2026-02-21 21:58:48 |w 2026-02-21 |y PREZ | ||
| 952 | |0 0 |1 0 |4 0 |7 0 |8 0 |a SNK |b SNK |d 2019-04-02 |i snk2019/9305 |l 0 |o snkČSD 311/C/2010-2011 |p 17A1365897 |r 2026-02-21 21:58:48 |w 2026-02-21 |y PREZ | ||
| 952 | |0 0 |1 0 |4 0 |7 0 |8 0 |a SNK |b SNK |d 2019-04-02 |i snk2019/9309 |l 0 |o snkČSD 311/C/2011-2012 |p 17A1365898 |r 2026-02-21 21:58:48 |w 2026-02-21 |y PREZ | ||
| 952 | |0 0 |1 0 |4 0 |7 0 |8 0 |a SNK |b SNK |d 2019-04-02 |i snk2019/9313 |l 0 |o snkČSD 311/C/2012-2013 |p 17A1365899 |r 2026-02-21 21:58:48 |w 2026-02-21 |y PREZ | ||
| 952 | |0 0 |1 0 |4 0 |7 0 |8 0 |a SNK |b SNK |d 2019-04-02 |i snk2019/9314 |l 0 |o snkČSD 311/C/2013-2014 |p 17A1365900 |r 2026-02-21 21:58:49 |w 2026-02-21 |y PREZ | ||
| 952 | |0 0 |1 0 |4 0 |7 0 |8 0 |a SNK |b SNK |d 2019-04-02 |i snk2019/9315 |l 0 |o snkČSD 311/C/2014-2015 |p 17A1365901 |r 2026-02-21 21:58:49 |w 2026-02-21 |y PREZ | ||
| 952 | |0 0 |1 0 |4 0 |7 0 |8 0 |a SNK |b SNK |d 2019-04-02 |i snk2019/9316 |l 0 |o snkČSD 311/C/2016-2017 |p 17A1365902 |r 2026-02-21 21:58:49 |w 2026-02-21 |y PREZ | ||
| 952 | |0 0 |1 0 |4 0 |7 0 |8 0 |a SNK |b SNK |d 2019-04-02 |i snk2019/9318 |l 0 |o snkČSD 311/C/2017-2018 |p 17A1365903 |r 2026-02-21 21:58:49 |w 2026-02-21 |y PREZ | ||
| 952 | |0 0 |1 0 |4 0 |7 0 |8 0 |a SNK |b SNK |d 2019-04-02 |i snk2019/9321 |l 0 |o snkČSD 311/C/2018-2019 |p 17A1365904 |r 2026-02-21 21:58:49 |w 2026-02-21 |y PREZ | ||


